Southville International School and Colleges
Your cart is empty.
  • Cart
  • Lists
    Public lists list_1 View all
    Your lists Log in to create your own lists
  • Log in to your account
  • Your cookies
  • Search history
Southville International School and Colleges
  • Advanced search
  • Recent comments
  • Most popular
  • Libraries

Log in to your account

Log in with GOOGLE


If you do not have an external account, but do have a local account, you can still log in:

  1. Home
  2. MARC view: Decoding theory of knowledge for the IB diploma : skills book
Normal view MARC view ISBD view

Decoding theory of knowledge for the IB diploma : skills book (Record no. 364797)

[ view plain ]
MARC details
000 -LEADER
fixed length control field 00535nam a22001697a 4500
003 - CONTROL NUMBER IDENTIFIER
control field 0
005 - DATE AND TIME OF LATEST TRANSACTION
control field 20220818101414.0
008 - FIXED-LENGTH DATA ELEMENTS--GENERAL INFORMATION
fixed length control field 220818b xxu||||| |||| 00| 0 eng d
020 ## - INTERNATIONAL STANDARD BOOK NUMBER
International Standard Book Number 978-1-108-93382-7
050 ## - LIBRARY OF CONGRESS CALL NUMBER
Classification number BD161
Item number .H43 2021
245 ## - TITLE STATEMENT
Title Decoding theory of knowledge for the IB diploma : skills book
Statement of responsibility, etc Wendy Heydon; Susan Jesudason
250 ## - EDITION STATEMENT
Edition statement 2nd ed.
260 ## - PUBLICATION, DISTRIBUTION, ETC. (IMPRINT)
Place of publication, distribution, etc United Kindon
Name of publisher, distributor, etc Cambridge University Press
Date of publication, distribution, etc C2021
300 ## - PHYSICAL DESCRIPTION
Extent viii,258p
Dimensions 28cm.
Accompanying material Includes index.
Type of unit Book
500 ## - GENERAL NOTE
General note Theory of knowledge.
942 ## - ADDED ENTRY ELEMENTS (KOHA)
Source of classification or shelving scheme Library of Congress Classification
Koha item type Books
Holdings
Withdrawn status Lost status Source of classification or shelving scheme Damaged status Home library Current library Shelving location Date acquired Source of acquisition Total Checkouts Full call number Barcode Date last seen Date checked out Price effective from Koha item type
    Library of Congress Classification   International Bacculaurate International Bacculaurate   08/18/2022 Library Fund 4 BD161 .H43 2021 IB0304 07/18/2024 01/04/2024 08/18/2022 Books

Decoding theory of knowledge for the IB diploma : skills book

APA

(2021). Decoding theory of knowledge for the IB diploma : skills book. United Kindon: Cambridge University Press.

Chicago

2021. Decoding theory of knowledge for the IB diploma : skills book. United Kindon: Cambridge University Press.

Harvard

(2021). Decoding theory of knowledge for the IB diploma : skills book. United Kindon: Cambridge University Press.

MLA

Decoding theory of knowledge for the IB diploma : skills book. United Kindon: Cambridge University Press. 2021.

  • Place hold
  • Print
  • Cite
  • Add to your cart (remove)
  • Save record
    BIBTEX Dublin Core MARCXML MARC (non-Unicode/MARC-8) MARC (Unicode/UTF-8) MARC (Unicode/UTF-8, Standard) MODS (XML) RIS
  • More searches
    Search for this title in:
    Other Libraries (WorldCat) Other Databases (Google Scholar) Online Stores (Bookfinder.com) Open Library (openlibrary.org)

Exporting to Dublin Core...

SOUTHVILLE LIBRARY

Southville International School and Colleges Library

1281 Tropical Ave. Cor. Luxembourg St., BF Homes International, Las Pinas City

Tel. No. 8256374 / 252358 Loc. 117/146

Powered by Koha